[Event "GER-chT U20"]
[Site "Chemnitz"]
[Date "2009.12.29"]
[Round "5.5"]
[White "Gruenke, Paul"]
[Black "Klebanov, Andrej"]
[Result "1/2-1/2"]
[WhiteElo "2107"]
[BlackElo "1860"]
[PlyCount "100"]
[EventDate "2009.12.27"]
[EventType "team-swiss"]
[EventRounds "7"]
[EventCountry "GER"]
[SourceTitle "EXT 2022"]
[Source "ChessBase"]
[SourceDate "2021.10.06"]
[SourceVersion "1"]
[SourceVersionDate "2021.10.06"]
[SourceQuality "1"]
[WhiteTeam "Dillingen U20"]
[BlackTeam "Chemnitz USG U20"]
[WhiteTeamCountry "GER"]
[BlackTeamCountry "GER"]

1. e4 e6 2. Nf3 d5 3. e5 c5 4. b4 cxb4 5. a3 bxa3 6. d4 Bd7 7. c3 Nc6 8. Bxa3 Bxa3 9. Nxa3 a6 10. Bd3 f5 11. 0-0 Nge7 12. Qe2 0-0 13. Nc2 Na5 14. Ra3 b5 15. Rfa1 Nc4 16. Bxc4 bxc4 17. Rxa6 Rxa6 18. Rxa6 Qc7 19. Nb4 Nc6 20. Nxc6 Bxc6 21. Ng5 Qb7 22. Qa2 Qe7 23. h4 h6 24. Nf3 Qb7 25. Ra7 Qb5 26. Qa3 Rf7 27. Kh2 Qb3 28. Qa5 Rxa7 29. Qxa7 Qb7 30. Qa5 Be8 31. Qd8 Qd7 32. Qxd7 Bxd7 33. Kg3 Kf7 34. Kf4 Ba4 35. Ng1 Kg6 36. Ne2 Bd1 37. Ng3 Bc2 38. Ke3 Kf7 39. Ne2 Be4 40. f3 Bb1 41. h5 Bc2 42. Kd2 Ba4 43. Nf4 Ke7 44. Kc1 Bd7 45. Kb2 Kd8 46. Ka3 Kc7 47. Kb4 Kb6 48. Ng6 Be8 49. g4 Bxg6 50. hxg6 f4 1/2-1/2

[Event "GER-ch U25 op"]
[Site "Willingen"]
[Date "2009.06.02"]
[Round "4"]
[White "Klebanov, Andrej"]
[Black "Popp, Maximilian"]
[Result "1-0"]
[WhiteElo "1818"]
[BlackElo "1704"]
[PlyCount "45"]
[EventDate "2009.05.30"]
[EventType "swiss"]
[EventRounds "9"]
[EventCountry "GER"]
[SourceTitle "EXT 2010"]
[Source "ChessBase"]
[SourceDate "2010.11.25"]
[SourceVersion "1"]
[SourceVersionDate "2010.11.25"]
[SourceQuality "1"]

1. d4 e6 2. c4 Nf6 3. Nc3 c5 4. d5 exd5 5. cxd5 d6 6. Bg5 g6 7. Qa4+ Bd7 8. Qf4 Be7 9. Bxf6 Bxf6 10. Qxd6 Be7 11. Qf4 0-0 12. e4 Bf6 13. Bd3 Re8 14. Nge2 Na6 15. Bxa6 bxa6 16. 0-0 Re5 17. Qe3 Rh5 18. Ng3 Bd4 19. Qd2 Rg5 20. Nce2 h5 21. Nxd4 cxd4 22. f4 Rg4 23. Qxd4 1-0

[Event "GER-ch U25 op"]
[Site "Willingen"]
[Date "2009.05.31"]
[Round "2"]
[White "Klebanov, Andrej"]
[Black "Coenen, Michael"]
[Result "0-1"]
[WhiteElo "1818"]
[BlackElo "2260"]
[PlyCount "56"]
[EventDate "2009.05.30"]
[EventType "swiss"]
[EventRounds "9"]
[EventCountry "GER"]
[SourceTitle "EXT 2010"]
[Source "ChessBase"]
[SourceDate "2010.11.25"]
[SourceVersion "1"]
[SourceVersionDate "2010.11.25"]
[SourceQuality "1"]

1. b4 c6 2. Bb2 a5 3. a3 Nf6 4. c4 e6 5. Qb3 axb4 6. axb4 Rxa1 7. Bxa1 Qb6 8. b5 d5 9. Bxf6 gxf6 10. e3 Nd7 11. Nf3 Nc5 12. Qb2 Be7 13. Nc3 0-0 14. d4 Ne4 15. Nxe4 dxe4 16. c5 Qa5+ 17. Nd2 b6 18. bxc6 bxc5 19. dxc5 Rd8 20. Bc4 Bxc5 21. Ke2 Ba6 22. Rc1 Ba3 23. Qa2 Qh5+ 24. f3 Bxc1 25. Bxa6 Rxd2+ 26. Qxd2 exf3+ 27. Kf2 Bxd2 28. c7 Bxe3+ 0-1

[Event "Sachsen-ch U18"]
[Site "Sebnitz"]
[Date "2007.04.13"]
[Round "5"]
[White "Klebanov, Andrej"]
[Black "Zimmermann, Rene"]
[Result "0-1"]
[WhiteElo "1746"]
[BlackElo "1850"]
[PlyCount "128"]
[EventDate "2007.04.10"]
[EventType "swiss"]
[EventRounds "7"]
[EventCountry "GER"]
[SourceTitle "EXT 2008"]
[Source "ChessBase"]
[SourceDate "2007.11.25"]
[SourceVersion "1"]
[SourceVersionDate "2007.11.25"]
[SourceQuality "1"]

1. d4 d5 2. c4 e6 3. Nc3 c6 4. cxd5 exd5 5. Nf3 Nf6 6. Bg5 Be7 7. e3 h6 8. Bf4 Ne4 9. Bd3 Nxc3 10. bxc3 Qa5 11. Qb3 0-0 12. 0-0 Nd7 13. c4 dxc4 14. Bxc4 Nb6 15. Bxf7+ Rxf7 16. Ne5 Qd5 17. Nxf7 Kxf7 18. e4 Qxb3 19. axb3 Be6 20. Bc7 Nd7 21. Rab1 Rc8 22. Ba5 Nf6 23. e5 Nd5 24. f4 Bf5 25. Ra1 c5 26. dxc5 Bxc5+ 27. Kh1 b6 28. Bd2 Bd4 29. Ra2 a5 30. h3 h5 31. Rc1 Rxc1+ 32. Bxc1 Nb4 33. Re2 Ke6 34. Ba3 Nd3 35. g3 Bxh3 36. Rc2 Nc5 37. b4 axb4 38. Bxb4 Bf5 39. Rd2 Kd5 40. Kh2 Ne4 41. Ra2 g5 42. Be7 gxf4 43. gxf4 Be3 44. Rb2 Bxf4+ 45. Kg2 Be3 46. Bd8 Kc6 47. Kf3 Bd4 48. Rh2 Bxe5 49. Rxh5 Nd6 50. Be7 Nb5 51. Rxf5 Nd4+ 52. Ke4 Nxf5 53. Kxf5 Kd5 54. Bf8 b5 55. Be7 Bd6 56. Bf6 b4 57. Bg7 b3 58. Bb2 Bc5 59. Kf4 Bd4 60. Ba3 Kc4 61. Kf3 Kd3 62. Kg2 Be3 63. Kf3 Bd2 64. Kf2 Kc2 0-1

[Event "Sachsen-ch U18"]
[Site "Sebnitz"]
[Date "2007.04.12"]
[Round "4"]
[White "Ehrlich, Kay"]
[Black "Klebanov, Andrej"]
[Result "1-0"]
[WhiteElo "1964"]
[BlackElo "1746"]
[PlyCount "75"]
[EventDate "2007.04.10"]
[EventType "swiss"]
[EventRounds "7"]
[EventCountry "GER"]
[SourceTitle "EXT 2008"]
[Source "ChessBase"]
[SourceDate "2007.11.25"]
[SourceVersion "1"]
[SourceVersionDate "2007.11.25"]
[SourceQuality "1"]

1. e4 e6 2. d4 d5 3. Nd2 dxe4 4. Nxe4 Nd7 5. Nf3 Ngf6 6. Nxf6+ Nxf6 7. Bd3 c5 8. c3 cxd4 9. Nxd4 Bc5 10. Nb3 Be7 11. 0-0 0-0 12. Qe2 b6 13. Qf3 Bd7 14. Rd1 Qc8 15. Bg5 Bc6 16. Qh3 h6 17. Bxh6 gxh6 18. Qxh6 Ne4 19. Re1 f5 20. Qg6+ Kh8 21. Bxe4 fxe4 22. Re3 Rf3 23. Qh6+ Kg8 24. gxf3 Bf8 25. Qg6+ Bg7 26. Nd4 exf3 27. Nxc6 Qxc6 28. Qxe6+ Qxe6 29. Rxe6 Rd8 30. Re3 Rd2 31. Rb1 Bf6 32. Rxf3 Kf7 33. Kf1 Rd5 34. Ke2 Rh5 35. h3 Ke6 36. Rd1 Be5 37. Re3 Rh7 38. f4 1-0

[Event "GER-ch op U25"]
[Site "Willingen"]
[Date "2006.06.06"]
[Round "6"]
[White "Yin, Stanley"]
[Black "Klebanov, Andrej"]
[Result "1/2-1/2"]
[WhiteElo "1898"]
[BlackElo "1758"]
[PlyCount "32"]
[EventDate "2006.06.04"]
[EventType "swiss"]
[EventRounds "9"]
[EventCountry "GER"]
[SourceTitle "EXT 2007"]
[Source "ChessBase"]
[SourceDate "2006.11.23"]
[SourceVersion "1"]
[SourceVersionDate "2006.11.23"]
[SourceQuality "1"]

1. c3 d5 2. g3 c6 3. Na3 e5 4. Nc2 Bd6 5. Bg2 f5 6. d3 Nf6 7. Bg5 h6 8. Bxf6 Qxf6 9. Nf3 0-0 10. 0-0 Be6 11. e4 Nd7 12. Nd2 Rac8 13. c4 d4 14. f4 c5 15. g4 g6 16. gxf5 gxf5 1/2-1/2

[Event "GER-chT U16"]
[Site "Dittrichshuette"]
[Date "2004.12.28"]
[Round "3"]
[White "Klebanov, Andrej"]
[Black "Palenta, Adam"]
[Result "1-0"]
[WhiteElo "1598"]
[BlackElo "1608"]
[PlyCount "35"]
[EventDate "2004.12.27"]
[EventType "team"]
[EventRounds "6"]
[EventCountry "GER"]
[SourceTitle "EXT 2006"]
[Source "ChessBase"]
[SourceDate "2005.11.24"]
[SourceVersion "1"]
[SourceVersionDate "2005.11.24"]
[SourceQuality "1"]

1. d4 d5 2. c4 Nf6 3. Nc3 c6 4. cxd5 cxd5 5. Nf3 e6 6. Bg5 Be7 7. e3 Bd7 8. Bd3 h6 9. Bh4 Nc6 10. a3 a6 11. 0-0 0-0 12. Bc2 Ne4 13. Bxe7 Nxc3 14. Qd3 Ne4 15. Bxd8 Rfxd8 16. Qb3 Rab8 17. Bxe4 dxe4 18. Nd2 1-0

[Event "GER-chT U12"]
[Site "Seifhennersdorf"]
[Date "2001.12.27"]
[Round "1.1"]
[White "Klebanov, Andrej"]
[Black "Zeitvogel, Samuel"]
[Result "0-1"]
[WhiteElo "1404"]
[BlackElo "1305"]
[PlyCount "52"]
[EventDate "2001.12.27"]
[EventType "team"]
[EventRounds "7"]
[EventCountry "GER"]
[SourceTitle "EXT 2003"]
[Source "ChessBase"]
[SourceDate "2002.11.25"]
[SourceVersion "1"]
[SourceVersionDate "2002.11.25"]
[SourceQuality "1"]

1. d4 Nf6 2. c4 c5 3. d5 b5 4. cxb5 a6 5. e3 axb5 6. Bxb5 Qa5+ 7. Nc3 Ne4 8. Nge2 Nxc3 9. Nxc3 g6 10. Qa4 Qxa4 11. Bxa4 Ba6 12. Bb5 Bg7 13. Bxa6 Nxa6 14. 0-0 0-0 15. d6 e5 16. Rd1 Rfb8 17. Na4 Rb4 18. Nc3 Rab8 19. f3 f5 20. h3 R8b7 21. g4 Nb8 22. a3 Rb3 23. Na4 Na6 24. Re1 R7b5 25. Kf2 Bf6 26. e4 Bh4+ 0-1

[Event "GER-ch U12"]
[Site "Willingen"]
[Date "2001.06.09"]
[Round "11"]
[White "Englert, Fabian"]
[Black "Klebanov, Andrej"]
[Result "0-1"]
[WhiteElo "1207"]
[BlackElo "1554"]
[PlyCount "38"]
[EventDate "2001.06.03"]
[EventType "swiss"]
[EventRounds "11"]
[EventCountry "GER"]
[SourceTitle "EXT 2003"]
[Source "ChessBase"]
[SourceDate "2002.11.25"]
[SourceVersion "1"]
[SourceVersionDate "2002.11.25"]
[SourceQuality "1"]

1. Nf3 d5 2. d4 e6 3. g3 c5 4. Bg2 Nc6 5. 0-0 b6 6. c4 cxd4 7. cxd5 exd5 8. Nxd4 Nxd4 9. Qxd4 Nf6 10. Bg5 Be7 11. Nc3 Be6 12. Rad1 0-0 13. e3 Rc8 14. Rd2 h6 15. Rfd1 hxg5 16. Nxd5 Nxd5 17. Bxd5 Qxd5 18. Qxd5 Bxd5 19. Rxd5 Rfd8 0-1

[Event "GER tt 3 Lands "]
[Site "Schwaebisch Gmuend"]
[Date "2001.05.25"]
[Round "2.5"]
[White "Klebanov, Andrej"]
[Black "Stoeckl, Christian"]
[Result "1-0"]
[WhiteElo "1197"]
[BlackElo "1144"]
[PlyCount "62"]
[EventDate "2001.05.??"]
[EventType "team"]
[EventRounds "3"]
[EventCountry "GER"]
[SourceTitle "EXT 2003"]
[Source "ChessBase"]
[SourceDate "2002.11.25"]
[SourceVersion "1"]
[SourceVersionDate "2002.11.25"]
[SourceQuality "1"]

1. d4 Nf6 2. c4 e5 3. dxe5 Ng4 4. Bf4 Nc6 5. Nf3 Bb4+ 6. Nbd2 Qe7 7. a3 Bxd2+ 8. Qxd2 Ncxe5 9. Nxe5 Nxe5 10. Qc3 d6 11. e3 Bf5 12. c5 Rc8 13. Bb5+ c6 14. cxd6 Qxd6 15. Bxe5 Qd5 16. Bf1 f6 17. Bf4 Bh3 18. f3 Be6 19. Rd1 Qf5 20. Qd3 Qa5+ 21. b4 Qa4 22. Qe4 Kf7 23. Bc4 Rhe8 24. Rd7+ Kf8 25. Bxe6 Re7 26. Bd6 Qxa3 27. Bxe7+ Ke8 28. Qxh7 Qc1+ 29. Kf2 Qb2+ 30. Ke1 Qc1+ 31. Ke2 Qc2+ 1-0